Information theory and reliable communication / (Record no. 190466)
[ view plain ]
| 000 -LEADER | |
|---|---|
| fixed length control field | 01040 a2200229 4500 |
| 003 - CONTROL NUMBER IDENTIFIER | |
| control field | Nust |
| 005 - DATE AND TIME OF LATEST TRANSACTION | |
| control field | 20220720123912.0 |
| 020 ## - INTERNATIONAL STANDARD BOOK NUMBER | |
| International Standard Book Number | 0-471-29048-3 |
| 040 ## - CATALOGING SOURCE | |
| Transcribing agency | Nust |
| 082 04 - DEWEY DECIMAL CLASSIFICATION NUMBER | |
| Classification number | 003,GAL |
| 100 1# - MAIN ENTRY--PERSONAL NAME | |
| Personal name | Gallager, Robert G. |
| 9 (RLIN) | 94037 |
| 245 00 - TITLE STATEMENT | |
| Title | Information theory and reliable communication / |
| Statement of responsibility, etc. | Robert G. Gallager |
| 260 ## - PUBLICATION, DISTRIBUTION, ETC. | |
| Place of publication, distribution, etc. | New York ... : |
| Name of publisher, distributor, etc. | Wiley, |
| Date of publication, distribution, etc. | cop. 1968 |
| 300 ## - PHYSICAL DESCRIPTION | |
| Extent | xiv, 588 s. |
| 505 ## - FORMATTED CONTENTS NOTE | |
| Formatted contents note | Communication Systems and Information Theory (Page-1), A Measure of Information (Page-13), Coding for Discrete Sources (Page-38), Discrete Memoryless Channels and Capacity (Page-71), The Noisy-Channel Coding Theorem (Page-116), Techniques for Coding and Decoding (Page-196), Memoryless Channels with Discrete Time (Page-316), Waveform Channels (Page-355), Source Coding with a Fidelity Criterion (Page-442). |
| 650 #0 - SUBJECT ADDED ENTRY--TOPICAL TERM | |
| Topical term or geographic name entry element | Data transmission systems |
| 9 (RLIN) | 17977 |
| 650 #0 - SUBJECT ADDED ENTRY--TOPICAL TERM | |
| Topical term or geographic name entry element | Information theory |
| 9 (RLIN) | 3107 |
| 650 #0 - SUBJECT ADDED ENTRY--TOPICAL TERM | |
| Topical term or geographic name entry element | Informationsteori |
| 9 (RLIN) | 94038 |
| 650 #0 - SUBJECT ADDED ENTRY--TOPICAL TERM | |
| Topical term or geographic name entry element | Informationsteori |
| 9 (RLIN) | 94038 |
| 650 #0 - SUBJECT ADDED ENTRY--TOPICAL TERM | |
| Topical term or geographic name entry element | Telecommunication |
| 942 ## - ADDED ENTRY ELEMENTS (KOHA) | |
| Source of classification or shelving scheme | |
| Koha item type | Reference |
| Withdrawn status | Lost status | Source of classification or shelving scheme | Damaged status | Not for loan | Permanent Location | Current Location | Shelving location | Date acquired | Full call number | Barcode | Date last seen | Price effective from | Koha item type | Public note |
|---|---|---|---|---|---|---|---|---|---|---|---|---|---|---|
| Military College of Signals (MCS) | Military College of Signals (MCS) | Reference | 12/12/2016 | 003,GAL | MCS35956 | 12/08/2016 | 12/12/2016 | Reference | Almirah No.17, Shelf No.1 |
